<?xml version="1.0" encoding="UTF-8"?>
<record
    xmlns:xsi="http://www.w3.org/2001/XMLSchema-instance"
    xsi:schemaLocation="http://www.loc.gov/MARC21/slim http://www.loc.gov/standards/marcxml/schema/MARC21slim.xsd"
    xmlns="http://www.loc.gov/MARC21/slim">

  <leader>00346    a2200109   4500</leader>
  <controlfield tag="001">ART_24498</controlfield>
  <controlfield tag="005">20260410161934.0</controlfield>
  <controlfield tag="008">260409a                                 </controlfield>
  <datafield tag="245" ind1="1" ind2="0">
    <subfield code="a">Macroeconom&#xED;a de las promesas rotas</subfield>
  </datafield>
  <datafield tag="100" ind1="1" ind2=" ">
    <subfield code="a">Heymann, Daniel</subfield>
  </datafield>
  <datafield tag="773" ind1="0" ind2=" ">
    <subfield code="t">Revista de Econom&#xED;a Pol&#xED;tica de Buenos Aires</subfield>
    <subfield code="g">- A&#xF1;o 1, N&#xBA; 2 (nov. 2007)</subfield>
    <subfield code="w">REV23982</subfield>
  </datafield>
  <datafield tag="999" ind1=" " ind2=" ">
    <subfield code="c">28838</subfield>
    <subfield code="d">28838</subfield>
  </datafield>
</record>
